banner-ar

مبادىء علم اصوات الكلام الاكوستيكى / (Record no. 41277)

MARC details
000 -الفاتح
حقل البيانات ثابتة الطول 00583nam a2200205Ia 4500
008 - عناصر البيانات ثابتة الطول - معلومات عامة
حقل البيانات ثابتة الطول 140319s9999 xx 000 0 ara d
040 ## - مصدر الفهرسة
وكالة الفهرسة الأصلية GCL /
وكالة النسخ GCL
082 04 - رقم تصنيف ديوى العشرى
رقم التصنيف 404
رقم المادة ل م
100 1# - المدخل الرئيسى - إسم شخصى
الإسم الشخصى سعد مصلوح
245 10 - بيان العنوان
العنوان مبادىء علم اصوات الكلام الاكوستيكى /
بيان المسئوليه,etc سعد مصلوح
700 1# - المدخل الاضافى - اسم شخصى
الإسم الشخصى ليفوجو، بيتر
700 1# - المدخل الاضافى - اسم شخصى
الإسم الشخصى جلال شمس الدين
300 ## - الوصف المادى
التعداد 161 ص
490 ## - بيان السلسلة
عنوان السلسلة كتاب
رقم المجلد/ التعيين التسلسلي 0
650 04 - المدخل الاضافى بالموضوع-مصطلح موضوعى
مصطلح موضوعي اللغة العربية
650 04 - المدخل الاضافى بالموضوع-مصطلح موضوعى
مصطلح موضوعي الاصوات
650 04 - المدخل الاضافى بالموضوع-مصطلح موضوعى
مصطلح موضوعي علم الكلام
942 ## - عناصر المدخل الإضافي( كوها)
مصدر التصنيف او مخطط الترفيف Dewey Decimal Classification
Koha [default] item type كتاب
Holdings
حالة التراجع حالة الفقد حالة تلف ليس للاعارة المكان المؤقت الموقع الحالى تاريخ الاكتساب اجمالي اﻻعارات رقم الطلب الباركود تاريخ اخر مشاهدة تاريخ تفعيل السعر نوع وعاء كوها
        مكتبة القاهرة الكبرى مكتبة القاهرة الكبرى 03/26/2014   404\ل م 99483 03/26/2014 03/26/2014 كتاب
        مكتبة القاهرة الكبرى مكتبة القاهرة الكبرى 03/26/2014   404\ل م 99484 03/26/2014 03/26/2014 كتاب
        مكتبة القاهرة الكبرى مكتبة القاهرة الكبرى 03/26/2014   404\ل م 99485 03/26/2014 03/26/2014 كتاب

Powered By

EGPV